Normal view
MARC view
- SUPERVISOR Dr. Wasi Haider Butt
Entry Personal Name
001 - CONTROL NUMBER
- control field: 69491
003 - CONTROL NUMBER IDENTIFIER
- control field: NUST
005 - DATE AND TIME OF LATEST TRANSACTION
- control field: 20210628204234.0
008 - FIXED-LENGTH DATA ELEMENTS
- fixed length control field: 210628|| aca||aabn | a|a d
040 ## - CATALOGING SOURCE
- Original cataloging agency: NUST
- Transcribing agency: NUST
100 ## - HEADING--PERSONAL NAME
- Personal name: SUPERVISOR Dr. Wasi Haider Butt
670 ## - SOURCE DATA FOUND
- Source citation: Work cat.: (NUST): Maham Mehr Awan 69490, TH-SOF-1541-Identification, Prioritization and Mitigation of Software Risks Using Delphi Technique, 2018
